01696nam a2200445 i 450000100060000000300080000600500170001400600190003100700150005000800410006502000270010602000180013303500220015104000310017305000210020408000070022508200140023210000230024624500990026925000290036826400460039730000480044333600310049133700330052233800430055550000220059858800680062059001570068865000280084565000360087365000390090965000430094865000440099165000490103565500250108470000290110979700180113885600770115699900170123365853FlNmELB20241217142653.0m o d | cr cnu||||||||170814s2011 mx o 001 0 spa d a9786074817799 (e-book) z9786074816129 a(OCoLC)1230153489 aFINmELBbspaerdacFINmELB 4aQA157bS979 2011 a510 a512.92231 aSwokowski, Earl W.10aÁlgebra y trigonometría con geometría analítica /cEarl W. Swokowski, Jeffery A. Cole. aDecimotercera edición. 1aMéxico D.F. :bCengage Learning,c2011. a1 recurso en línea (paginación variada) atextobtxt2rdacontent/spa acomputadorabc2rdamedia/spa arecurso en líneabcr2rdacarrier/spa aIncluye índice. aDescripción basada en el editor de metadatos y otras fuentes. aRecurso electronico. Santa Fe, Arg. : elibro, 2016. Disponible via World Wide Web. El acceso puede ser limitado para las bibliotecas afiliadas a elibro. 0aMathematicsvTextbooks. 4aMatemáticasvLibros de texto. 0aAlgebravProblems, exercises, etc. 4aÁlgebravProblemas, ejercicios, etc. 0aTrigonometryvProblems, exercises, etc. 4aTrigonometríavProblemas, ejercicios, etc. 4aLibros electronicos.1 aCole, Jeffery A,eautor.2 aelibro, Corp.40uhttps://elibro.net/ereader/politecnicointernacional/39963zClick to View c65853d65853